Top 20 Gospodarek Świata 2023 - Statystyki

Ogólne statystyki
  • Ten quiz został rozwiązany 153 razy
    66 od ostatniego zresetowania
  • Średni wynik to 14 z 15
Statystyki odpowiedzi
Miejsce Gospodarka Odpowiedź % Poprawnych
1 22,99 biliona dolarów Stany Zjednoczone
100%
2 17,73 biliona dolarów Chiny
98%
7 2,93 biliona dolarów Francja
98%
4 4,23 biliona dolarów Niemcy
97%
5 3,18 biliona dolarów Wielka Brytania
97%
12 1,60 biliona dolarów Brazylia
94%
6 3,17 biliona dolarów Indie
94%
3 4,93 biliona dolarów Japonia
94%
8 2,09 biliona dolarów Włochy
94%
14 1,42 biliona dolarów Hiszpania
92%
9 1,99 biliona dolarów Kanada
90%
10 1,79 biliona dolarów Korea Południowa
90%
11 1,77 biliona dolarów Rosja
90%
13 1,54 biliona dolarów Australia
86%
15 1,29 biliona dolarów Meksyk
79%
Nie znaleziono quizów pasujących do podanych kryteriów
Rozkład punktacji
Procent ludzi z każdym wynikiem
Percentyl według liczby udzielonych odpowiedzi
Twoja historia wyników
Nie rozwiązałeś tego quizu od ostatniego zresetowania